| 000 | 00461nam a2200157 a 4500 | ||
|---|---|---|---|
| 001 | 000011939 | ||
| 005 | 20200929162627.0 | ||
| 008 | 091102s1938 cu 000 0 spa d | ||
| 040 |
_aDO-SdBNP _bspa _cBNPHU |
||
| 082 |
_axxx _bF385i |
||
| 100 | 1 |
_aFerrer Gutierrez, Virgilio _928218 |
|
| 245 | 1 | 0 |
_aItinerario : _btemas americanos / _cVirgilio Ferrer Gutierrez. |
| 260 |
_aLa Habana : _bCarasa y Carabrasil, _c1938. |
||
| 300 |
_a168 p. ; _c23 cm. |
||
| 049 | _aBNPD | ||
| 999 |
_c11609 _d11609 |
||